Statistics for Players Who Have Won Ballon D Or And Played In World Cup Final

Click here to take the quiz!

General Stats

  • This quiz has been taken 30 times
  • The average score is 8 of 16

Answer Stats

Answer% Correct
Messi
100%
Ronaldo
93%
Zidane
79%
Ronaldinho
71%
Beckenbauer
57%
Rivaldo
54%
Baggio
50%
Cannavaro
43%
Muller
39%
Matthaus
39%
Cruyff
36%
Charlton
32%
Rossi
32%
Rivera
11%
Rummenigge
11%
Masopust
4%

Score Distribution

Percentile by Number Answered

Percent of People with Each Score

Your Score History

You have not taken this quiz